Денежная теория и финансовая политика: пер. с англ.

Bibliographische Detailangaben
1. Verfasser: Хансен Э. Элвин
Zusammenfassung:Книга Э. Хансена — крупнейшего американского экономиста XX в. — посвящена анализу переломных моментов развития американского капитализма (Великая депрессия, "Новый курс" Рузвельта, Вторая мировая война, послевоенная конверсия, новый подъем экономики) и рассмотрению общих закономерностей функционирования рыночной экономики. Богатый экономический инструментарий (в работе интегрированы макро-и микроэкономический анализ с институциональным подходом) позволяет автору обосновать целый ряд практических рекомендаций для экономической политики, которые могут быть модифицированы в зависимости от конкретного времени и конкретной страны. Книга позволяет лучше понять современную ситуацию в России, гибко и обоснованно подойти к выбору методов и инструментов экономической политики, направленной на преодоление стагнации, устойчивый рост и социальное развитие. Для научных работников и преподавателей, аспирантов и студентов, всех, кто интересуется новыми тенденциями экономической мысли.
Sprache:Russisch
Veröffentlicht: Москва, Дело, 2006
Schlagworte:
Format: MixedMaterials Buch
KOHA link:https://koha.lib.tpu.ru/cgi-bin/koha/opac-detail.pl?biblionumber=103688

MARC

LEADER 00000nam0a2200000 4500
001 103688
005 20231031113733.0
010 |a 5774904180 
035 |a (RuTPU)RU\TPU\book\111783 
090 |a 103688 
100 |a 20061020d2006 km y0rusy50 ca 
101 1 |a rus  |c eng 
102 |a RU 
105 |a y z 001zb 
200 1 |a Денежная теория и финансовая политика  |e пер. с англ.  |f Э. Хансен 
210 |a Москва  |c Дело  |d 2006 
215 |a 312 с. 
320 |a Библиогр.: с. 301-303. 
320 |a Именной указатель: с. 304-305. 
320 |a Предметный указатель: с. 306-311. 
330 |a Книга Э. Хансена — крупнейшего американского экономиста XX в. — посвящена анализу переломных моментов развития американского капитализма (Великая депрессия, "Новый курс" Рузвельта, Вторая мировая война, послевоенная конверсия, новый подъем экономики) и рассмотрению общих закономерностей функционирования рыночной экономики. Богатый экономический инструментарий (в работе интегрированы макро-и микроэкономический анализ с институциональным подходом) позволяет автору обосновать целый ряд практических рекомендаций для экономической политики, которые могут быть модифицированы в зависимости от конкретного времени и конкретной страны. Книга позволяет лучше понять современную ситуацию в России, гибко и обоснованно подойти к выбору методов и инструментов экономической политики, направленной на преодоление стагнации, устойчивый рост и социальное развитие. Для научных работников и преподавателей, аспирантов и студентов, всех, кто интересуется новыми тенденциями экономической мысли. 
600 1 |a Маршалл  |g Альфред  |b А.  |c английский экономист  |f 1842-1924  |2 stltpush  |3 (RuTPU)RU\TPU\pers\821 
610 1 |a экономика 
610 1 |a финансы 
610 1 |a деньги 
610 1 |a теория 
610 1 |a финансовая политика 
610 1 |a ликвидность 
610 1 |a инвестиции 
610 1 |a доходы 
610 1 |a ставки 
610 1 |a проценты 
610 1 |a издержки 
610 1 |a цены 
610 1 |a заработная плата 
610 1 |a инфляция 
610 1 |a национальный доход 
610 1 |a кейнсианская теория 
686 |a У826  |v LBC/SL-A  |2 rubbk 
700 1 |a Хансен  |b Э.  |g Элвин 
801 1 |a RU  |b 63413507  |c 20061020  |g PSBO 
801 2 |a RU  |b 63413507  |c 20120626  |g PSBO 
942 |c BK 
959 |a 89/20061012  |d 1  |e 263,89  |f ЧЗГЛ:1 
959 |a 90/20061025  |d 2  |e 176,00  |f АНЛ:2